| 000 | 00356 a2200157 4500 | ||
|---|---|---|---|
| 001 | 48406 | ||
| 020 | _a9788508168101 | ||
| 040 | _cAnchieta - Bela Vista | ||
| 100 | _aSésamo, Vila | ||
| 240 | 1 | 0 |
_aAs profissões de Elmo _lpor |
| 245 | 1 | 0 | _aAs profissões de Elmo |
| 300 | _a12 | ||
| 362 | 0 | _a2014 | |
| 650 | 4 | _aLiteratura infanto-juvenil | |
| 942 | _cBK | ||
| 999 |
_c48406 _d48406 |
||